| 000 | 00736nam a2200169Ia 4500 | ||
|---|---|---|---|
| 999 |
_c2723 _d2723 |
||
| 003 | DO-SdBJH | ||
| 005 | 20180416230456.0 | ||
| 008 | 180414s9999 dr 000 0 spa d | ||
| 040 |
_aDO-SdBJH _bspa _cDO-SdBJH |
||
| 090 | _aDM FM 7-15 1963 | ||
| 110 | _aInstituto de Cooperación para la Seguridad Hemisférica | ||
| 245 | 1 | 0 | _a FM 7-15 Pelotones y escuadras de Fusileros de infantería, de infantería aerotransportada y de infantería mecanizada / Instituto de Cooperación para la Seguridad Hemisférica |
| 260 | _aFuerte Benning, Georgia : Cuartel General Secretaría del Ejército, 1963 | ||
| 300 | _a289 páginas páginas en varias paginaciones | ||
| 650 | 4 | _aPelotones y escuadras -- Infantería mecanizada | |
| 942 |
_2ddc _cBK |
||